Analysis of economic data

Na minha lista:
Detalhes bibliográficos
Autor principal: Koop, Gary
Formato: Livro
Idioma:inglês
Publicado em: Chichester Wiley 2009
Edição:3rd ed.
Assuntos:
Tags: Adicionar Tag
Sem tags, seja o primeiro a adicionar uma tag!

MARC

LEADER 00000nam a2200000 4500
001 0143819
005 20240312115424.2
020 |a 978-0-470-71389-1 
041 0 |a eng 
044 |a GB 
245 1 0 |a Analysis of economic data  |c Gary Koop 
250 |a 3rd ed. 
264 1 |a Chichester  |b Wiley  |c 2009 
300 |a xiv, 250 s. 
610 2 0 |a ekonometria 
610 2 0 |a korelácia 
610 2 0 |a regresia 
610 2 0 |a analýzy 
100 1 |a Koop, Gary